000 00432nam a2200145Ia 4500
008 100122s9999 xx 000 0 und d
082 _b1340
_a823
100 _aभिडे भि गो
245 _aतिरंगी सामना
260 _bप्रकाशक शोधणे
_c1924
300 _a55
630 _aतिरंगी सामना
730 _aतिरंगी सामना
942 _cBOOK
999 _c396114
_d396111